000 00500nam a2200193Ia 4500
003 OSt
005 20251204121238.0
008 220917b |||||||| |||| 00| 0 eng d
037 _cTB
040 _aARTS
_cARTS
_beng
041 _2eng
_aeng
084 _aR65,0 D8;K6
_qAL
100 _aDeussen Paul
_9854521
245 0 _aPhilosophy of the upanishads
260 _c1908
650 _aRELIGION
_9854522
942 _hQ1:24:9, D8;K6
_cTB
_2CC
_n0
999 _c186373
_d186373